Datum a čas kvízu
25.5
Celkem bodů
Celkový počet nahraných bodů na tomto kvízu bez doplňovacích otázek.
4.
Pořadí na kvízu
Konečné umístění týmu na tomto kvízu.
Zaznamenané odpovědi
| # | Otázka | Odpověď | Body | Výsledky |
|---|---|---|---|---|
| 1. | Prezident Pavel si při své dvo... | TON | 1 | |
| 2. | Ve které evropské zemi vyhrála... | v Chorvatsku | 1 | |
| 3. | Ve čtvrtek vystoupil v brněnsk... | Slash | 1 | |
| 4. | Společnost Skytrax každoročně... | Katar | 1 | |
| 5. | Americké atletky nebyly při př... | Nike | 1 | |
| 6. | Jihoafrická republika má de fa... | Kapské město; Bloemfontein | 1 | |
| 7. | Chemický prvek hafnium dostal... | o Kodaň | 0 | |
| 8. | Nyní vám dáme na výběr, zda si... | Windhoek; Manila | 0 | |
| 9. | Které malebné a nepříliš lidna... | Lublaň | 0 | |
| 10. | Napište, které hlavní město (s... | Reykjavík; Wellington | 0 |